|
|
|
|
| LEADER |
00000nab a2200000 a 4500 |
| 001 |
vtls009166940 |
| 003 |
SK-MaSNL |
| 005 |
20260304164234.0 |
| 008 |
250507c1938 xo |||||| | ||00 b|slo |
| 015 |
|
|
|a SNBRB2007/12
|2 snkbucl
|
| 035 |
|
|
|a (uuid)3e4749e5-5241-4bb0-80e0-6b4300bf0c98
|
| 035 |
|
|
|a urn:nbn:sk:snk-ab1dzy
|
| 035 |
|
|
|a (urnnbn)urn:nbn:sk:snk:ar-002u7b
|
| 038 |
|
|
|a SNKBUCL
|
| 040 |
|
|
|a SNKBUCL
|b slo
|c SNKBUCL
|e AACR2
|
| 041 |
0 |
|
|a slo
|
| 044 |
|
|
|a xo
|c SK
|
| 080 |
|
|
|a 811.162.4'271.12
|2 001
|
| 080 |
|
|
|a 81'271.12:811.162.4
|2 2001
|
| 080 |
|
|
|a 811.162.4'35
|2 2001
|
| 100 |
1 |
|
|a Jánošík, Anton,
|d 1904-1971
|4 aut
|9 106660
|
| 245 |
1 |
0 |
|a Zo školskej slovenčiny
|c Anton Jánošík
|
| 504 |
|
|
|a Bibliogr. odkazy
|
| 650 |
0 |
7 |
|a slovenčina
|2 snkbucl
|9 1350
|
| 650 |
0 |
7 |
|a spisovná slovenčina
|2 snkbucl
|9 66941
|
| 650 |
0 |
7 |
|a jazyková kultúra
|2 snkbucl
|9 1395
|
| 650 |
0 |
7 |
|a slovná zásoba
|2 snkbucl
|9 66837
|
| 773 |
0 |
|
|t Slovenská reč
|g Roč. VI, č. 9 (1937/1938), s. 286-289
|
| 850 |
|
|
|a Slovenská národná knižnica
|
| 852 |
|
|
|a Slovenská národná knižnica
|
| 954 |
|
|
|a odborná, vedecká literatúra pôvodná (slovenská)
|2 lita
|
| 958 |
|
|
|a article27
|
| 958 |
|
|
|a NB
|
| 958 |
|
|
|a OND
|
| 958 |
|
|
|a EUIPO
|
| 999 |
|
|
|c 2980132
|d 2982062
|